Zakarpatci do juvileju O. Rudlovčak

Bibliographic Details
Main Author: Mušinka, Mikuláš, 1936-2024 (Author)
Format: Article
Language:Ukrainian
PhysicalDescription:Fotogr.
Subjects:

MARC

LEADER 00000nab a2200000 a 4500
001 vtls000798341
003 SK-MaSNL
005 20260318121819.0
008 160401c2002 xo 0 ukr
015 |a SNBRB2002/06-20364 
035 |a CLN000149996 
040 |a SNKBUCL  |b slo  |c SNKBUCL  |e AACR2 
041 0 |a ukr 
044 |a xo  |c SK 
080 |a 37-051(048)  |2 1997 
080 |a 07-051(048)  |2 1997 
080 |a 929 Rudlovčak, Olena  |2 1997 
100 1 |a Mušinka, Mikuláš,  |d 1936-2024  |4 aut  |9 99915 
245 1 0 |a Zakarpatci do juvileju O. Rudlovčak  |c M. Mušynka 
300 |b Fotogr. 
600 1 7 |a Rudlovčáková, Helena,  |d 1919-2007  |2 snkbucl  |9 201688 
655 7 |a články z novín a časopisov  |2 snkbucl  |9 267496 
773 0 |t Nove žyttja  |g Roč. 52, č. 1-2 (2002), s. 2 
787 0 8 |i Rec.:  |a Zakryvydoroha, O.  |a Il'čenko, L.  |a Padjak, V.  |t Olena Rudlovčak  |d Užhorod : Vydavnyctvo V. Padjaka, 2001 
850 |a Slovenská národná knižnica v Martine 
852 |a SNK  |b KIS3GCP 
958 |a UK 
958 |a SK 
958 |a RC 
958 |a RBX 
999 |c 3247370  |d 3249300